Introduction to mathematical techniques used in GIS / (Record no. 176043)

000 -LEADER
fixed length control field 01093 a2200217 4500
003 - CONTROL NUMBER IDENTIFIER
control field Nust
005 - DATE AND TIME OF LATEST TRANSACTION
control field 20230126124438.0
010 ## - LIBRARY OF CONGRESS CONTROL NUMBER
LC control number 2004051924
020 ## - INTERNATIONAL STANDARD BOOK NUMBER
International Standard Book Number 0415334144 (acid-free paper)
040 ## - CATALOGING SOURCE
Transcribing agency Nust
082 00 - DEWEY DECIMAL CLASSIFICATION NUMBER
Classification number 910.0151,DAL
100 1# - MAIN ENTRY--PERSONAL NAME
Personal name Dale, Peter.
9 (RLIN) 107760
245 10 - TITLE STATEMENT
Title Introduction to mathematical techniques used in GIS /
Statement of responsibility, etc. Peter Dale
260 ## - PUBLICATION, DISTRIBUTION, ETC.
Place of publication, distribution, etc. Boca Raton :
Name of publisher, distributor, etc. CRC Press,
Date of publication, distribution, etc. c2005.
300 ## - PHYSICAL DESCRIPTION
Extent xv, 202 p. :
Other physical details ill. ;
Dimensions 25 cm.
505 ## - FORMATTED CONTENTS NOTE
Formatted contents note Characteristic of Geographic Information (Page-1), Numbers and Numerical Analysis (Page-9), Algebra (Page-23), The Geometry of Common Shapes (Page-43), Plane and Spherical Trigonometry (Page-59), Differential and Integral Calculus (Page-77), Matrices, Determinants and Vectors (Page-91), Curves and Surfaces (Page-115), Transformations (Page-131), Basic Statistics (Page-153), Best Fit Solutions (Page-173).
650 #0 - SUBJECT ADDED ENTRY--TOPICAL TERM
Topical term or geographic name entry element Geographic information systems.
9 (RLIN) 6117
650 #0 - SUBJECT ADDED ENTRY--TOPICAL TERM
Topical term or geographic name entry element Geography
General subdivision Mathematics.
9 (RLIN) 107761
856 42 - ELECTRONIC LOCATION AND ACCESS
Materials specified Publisher description
Uniform Resource Identifier <a href="http://www.loc.gov/catdir/enhancements/fy0647/2004051924-d.html">http://www.loc.gov/catdir/enhancements/fy0647/2004051924-d.html</a>
942 ## - ADDED ENTRY ELEMENTS (KOHA)
Source of classification or shelving scheme
Koha item type Book
Holdings
Withdrawn status Lost status Source of classification or shelving scheme Damaged status Not for loan Permanent Location Current Location Shelving location Date acquired Full call number Barcode Date last seen Price effective from Koha item type Public note
          Military College of Signals (MCS) Military College of Signals (MCS) General Stacks 12/12/2016 910.0151,DAL MCS31063 12/08/2016 12/12/2016 Book Almirah No.58, Shelf No.6
© 2023 Central Library, National University of Sciences and Technology. All Rights Reserved.